000 01266nam a2200397 a 4500
003 AR-BaBNM
005 20251128210207.0
008 082120s2002 ||||||||||||||000 | spa||
020 _a84-85840-55-0
040 _cAR-BaBNM
100 1 _aComes, Pilar
245 0 0 _aEnseñar y aprender ciencias sociales, geografía e historia en la educacion secundaria
250 _a2ª ed.
260 _aBarcelona
_bI.C.E. Universitat Barcelona
_bHorsori
_c1998
300 _a255 p.
_btablas, diagr., mapas
490 0 _aCuadernos de formación del profesorado
_vv. 6
500 _aContiene referencias bibliográficas p. 233-249
500 _aContiene índice temático p. 251-255
650 4 _aENSEÑANZA DE LAS CIENCIAS SOCIALES
650 4 _aAPRENDIZAJE
650 4 _aDIDACTICA
650 4 _aENSEÑANZA DE LA HISTORIA
650 4 _aENSEÑANZA DE LA GEOGRAFIA
650 4 _aCURRICULO TRANSDISCIPLINARIO
650 4 _aINTERDISCIPLINARIEDAD
650 4 _aROL DEL DOCENTE
653 _aCONSTRUCTIVISMO
653 _aEDUCACION SECUNDARIA
653 _aDISEÑO CURRICULAR
700 1 _aBenejam, Pilar
_ecoordinador
700 1 _aPagès, Joan
_ecoordinador
700 1 _aQuinquer, Dolors
800 1 _aColl, Cesar
942 _cBK
998 _cRaquel
999 _c14455
_d14455